Every NHL Team Ever - Statistics

General Stats
  • This quiz has been taken 27 times
  • The average score is 43 of 52
Answer Stats
Time State/Province Team % Correct
1970 - Today BC Vancouver Canucks
100%
1972 - 1980 GA Atlanta Flames
96%
1924 - Today MA Boston Bruins
96%
1980 - Today AB Calgary Flames
96%
1926 - Today IL Chicago Blackhawks
96%
1995 - Today CO Colorado Avalanche
96%
1967 - Today TX Dallas Stars
96%
1979 - Today AB Edmonton Oilers
96%
1993 - Today FL Florida Panthers
96%
1982 - Today NJ New Jersey Devils
96%
1926 - Today NY New York Rangers
96%
1917 - 1934 ON Ottawa Senators
96%
1992 - Today ON Ottawa Senators
96%
1967 - Today PA Philadelphia Flyers
96%
1991 - Today CA San Jose Sharks
96%
1967 - Today MO St. Louis Blues
96%
1992 - Today FL Tampa Bay Lightning
96%
2017 - Today NV Vegas Golden Knights
96%
1974 - Today DC Washington Capitals
96%
1979 - 1996 MB Winnipeg Jets
96%
2011 - Today MB Winnipeg Jets
96%
1993 - Today CA Anaheim Ducks
91%
1996 - 2024 AZ Arizona Coyotes
91%
1970 - Today NY Buffalo Sabres
91%
1997 - Today NC Carolina Hurricanes
91%
2000 - Today OH Columbus Blue Jackets
91%
1926 - Today MI Detroit Red Wings
91%
1967 - Today CA Los Angeles Kings
91%
2000 - Today MN Minnesota Wild
91%
1917 - Today QC Montreal Canadiens
91%
1998 - Today TN Nashville Predators
91%
1972 - Today NY New York Islanders
91%
1967 - Today PA Pittsburgh Penguins
91%
1979 - 1995 QC Quebec Nordiques
91%
2021 - Today WA Seattle Kraken
91%
1917 - Today ON Toronto Maple Leafs
91%
1999 - 2011 GA Atlanta Thrashers
87%
1979 - 1997 CT Hartford Whalers
87%
1967 - 1993 MN Minnesota North Stars
87%
2024 - Today UT Utah Mammoth
87%
1924 - 1938 QC Montreal Maroons
74%
1967 - 1976 CA California Golden Seals
70%
1976 - 1982 CO Colorado Rockies
65%
1976 - 1978 OH Cleveland Barons
57%
1974 - 1976 MO Kansas City Scouts
48%
1919 - 1920 QC Quebec Bulldogs
43%
1925 - 1942 NY Brooklyn Americans
39%
1920 - 1925 ON Hamilton Tigers
39%
1917 - 1918 QC Montreal Wanderers
39%
1925 - 1930 PA Pittsburgh Pirates
35%
1934 - 1935 MO St. Louis Eagles
35%
1930 - 1931 PA Philadelphia Quakers
30%
No matching quizzes found
Score Distribution
Percent of People with Each Score
Percentile by Number Answered
Your Score History
You have not taken this quiz